000 00412nam a22001817a 4500
003 koha_MIRAKIL
005 20231213065249.0
008 231213b |||||||| |||| 00| 0 ||| d
020 _b978-9-94471128-9
040 _aTR-IsEVY
_btur
_cTR-IsEVY
082 _a600 BAL/P
100 _aBALABAN, ERKAN.
245 0 _aPHP.
260 _bPUSULA,
_c2009
300 _a415.
650 _aTeknoloji.
942 _2ddc
_cBK
999 _c687
_d687